Primi 15 paesi interessati da Covid-19 - 27 giugno - Statistics

Statistiche generali
  • Questo quiz è stato fatto 5 volte
  • Il punteggio medio è 8 su 26
Statistiche sulle risposte
nazione % Corretto
Germania
100%
Italia
100%
Stati Uniti
100%
India
67%
Messico
67%
Regno Unito
67%
Russia
67%
Spagna
67%
Arabia Saudita
33%
Belgio
33%
Brasile
33%
Iran
33%
Pakistan
33%
Turchia
33%
Armenia
0%
Bahrain
0%
Bielorussia
0%
Cile
0%
Cile
0%
Kuwait
0%
Oman
0%
Panama
0%
Perù
0%
Qatar
0%
Singapore
0%
Svezia
0%
Nessun quiz corrispondente trovato
Distribuzione punteggi
Percentuale di utenti per punteggio
Percentile per numero di risposta
I tuoi punteggi nel tempo
Non hai fatto questo quiz